Score 0/17 Timer 10:00
0 Plays Today
Hint Diva % Correct
Bella TwinBrie Bella
95.6%
Bella TwinNikki Bella
95.3%
3 Time Divas Champion (Retired)AJ Lee
91.7%
Married to Jey UsoNaomi
91.6%
Foxy DivaAlicia Fox
90.4%
The Boss!Sasha Banks
90.3%
Part of the Hart FamilyNatalya
89.8%
Think AgainPaige
87.7%
Former Valet of FandangoSummer Rae
87.4%
Hint Diva % Correct
Daughter of Jimmy SnukaTamina Snuka
86.4%
Lass KickerBecky Lynch
86.4%
Red HeadEva Marie
84.5%
Emmalution! Emma
82.7%
Daughter of Ric FlairCharlotte
82.5%
Former Valet of Brodus ClayCameron
82.4%
Flawless (Retired)Layla
74.2%
Joined Total Divas in Season 3Rosa Mendes
63.6%
Remove Ads.
Support Sporcle.
Get the best of Sporcle when you Go Orange. This ad-free experience offers more features, more stats, and more fun while also helping to support Sporcle. Thank you for becoming a member.

You're not logged in!

Compare scores with friends on all Sporcle quizzes.
OR
Log In

Show Comments

Extras

Created Dec 14, 2014ReportNominate
Tags:WWE Quiz, 2015, Diva

Top Quizzes Today


Score Distribution

Your Account Isn't Verified!

In order to create a playlist on Sporcle, you need to verify the email address you used during registration. Go to your Sporcle Settings to finish the process.

Report this User

Report this user for behavior that violates our Community Guidelines.

Details: